Online
Catalog

Industrial growth and world trade, : (Record no. 13195)

MARC details
000 -CABECERA
campo de control de longitud fija 00983cam a22002651 4500
001 - NÚMERO DE CONTROL
campo de control 000013574
005 - FECHA Y HORA DE LA ÚLTIMA TRANSACCIÓN
campo de control 20200929163257.0
008 - DATOS DE LONGITUD FIJA--INFORMACIÓN GENERAL
campo de control de longitud fija 720210s1963 enka b 000 0 eng
010 ## - NÚMERO DE CONTROL DE LA BIBLIOTECA DEL CONGRESO
Número de control de LC 63005935
015 ## - NÚMERO DE BIBLIOGRAFÍA NACIONAL
Número de bibliografía nacional GB63-11660
035 ## - NÚMERO DE CONTROL DEL SISTEMA
Número de control de sistema (OCoLC)238161
040 ## - FUENTE DE LA CATALOGACIÓN
Centro catalogador/agencia de origen DO-SdBNP
Centro/agencia transcriptor ODaWU
Centro/agencia modificador OCoLC
-- Uk
-- DLC
042 ## - CÓDIGO DE AUTENTICACIÓN
Código de autenticación premarc
050 00 - SIGNATURA TOPOGRÁFICA DE LA BIBLIOTECA DEL CONGRESO
Número de clasificación HF499
Número de documento/Ítem .M33
082 ## - NÚMERO DE LA CLASIFICACIÓN DECIMAL DEWEY
Número de clasificación 382
100 1# - ENTRADA PRINCIPAL--NOMBRE DE PERSONA
Nombre de persona Maizels, Alfred.
9 (RLIN) 30950
245 10 - MENCIÓN DE TÍTULO
Título Industrial growth and world trade, :
Resto del título an empirical study of trends in production, consumption and trade in manufactures from 1899-1959, with a discussion of probable future trends.
260 ## - PUBLICACIÓN, DISTRIBUCIÓN, ETC.
Lugar de publicación, distribución, etc. Cambridge [Eng.] :
Nombre del editor, distribuidor, etc. University Press,
Fecha de publicación, distribución, etc. 1963.
300 ## - DESCRIPCIÓN FÍSICA
Extensión xxiii, 563 p. :
Otras características físicas diagrs., tables. ;
Dimensiones 24 cm.
410 20 - MENCIÓN DE SERIE/PUNTO DE ACCESO ADICIONAL--ENTIDAD CORPORATIVA [OBSOLETO, CAN/MARC], [LOCAL, USA]
Nombre de entidad corporativa o nombre de jurisdicción como elemento de entrada National Institute of Economic and Social Research.
Título de la obra Economic and social studies,
Designación de número de volumen o secuencia 21
504 ## - NOTA DE BIBLIOGRAFÍA, ETC.
Nota de bibliografía, etc. Bibliography: p. 549-556.
650 #0 - PUNTO DE ACCESO ADICIONAL DE MATERIA--TÉRMINO DE MATERIA
Término de materia o nombre geográfico como elemento de entrada Commerce.
9 (RLIN) 30951
650 #0 - PUNTO DE ACCESO ADICIONAL DE MATERIA--TÉRMINO DE MATERIA
Término de materia o nombre geográfico como elemento de entrada Industrialization.
9 (RLIN) 30952
910 ## - DATOS DE OPCIÓN DEL USUARIO (OCLC)
Datos de opción del usuario Catalogación por copia / LC
Holdings
Estado de retiro Estado de pérdida Restricciones de uso No para préstamo Código de colección Localización permanente Ubicación/localización actual Ubicación en estantería Fecha de adquisición Número de inventario Total de préstamos Signatura topográfica completa Código de barras Fecha visto por última vez Precio válido a partir de Tipo de ítem Koha
    Préstamo interno   Monografías: Libros y Folletos General General Depósito 25.11.2009 LF1   382 13574-10 25.06.2020 25.06.2020 Préstamo interno

Powered by Koha